| 000 | 00845nam a2200265 i 4500 | ||
|---|---|---|---|
| 008 | |||
| 020 | _a085031156X (hbk.) | ||
| 049 | _aMAIN | ||
| 090 | _aHB501LEF | ||
| 100 | 1 | _aLefebvre, Henri. | |
| 240 | 0 | 3 | _aLa survie du capitalisme. English. |
| 245 | 1 | 4 |
_aThe survival of capitalism : _breproduction of the relations of production / _cHenri Lefebvre ; translated by Frank Bryant. |
| 260 |
_aLondon : _bAllison & Busby, _c1976. |
||
| 300 |
_a131 p. ; _c23 cm. |
||
| 500 | _aIncludes index. | ||
| 500 | _aTranslation of La survie du capitalisme. | ||
| 504 | _aIncludes bibliographical references. | ||
| 650 | 0 | _aCapitalism. | |
| 650 | 0 | _aMarxian economics. | |
| 907 |
_a.b10213971 _b23-04-12 _c11-09-06 |
||
| 003 | |||
| 005 | 20230123134244.0 | ||
| 040 | _cNUST | ||
| 942 |
_cBOOKS _kHB501LEF |
||
| 999 |
_c162726 _d162726 |
||